000 02033nam a22003497a 4500
999 _c23425
_d23425
003 AR-CdUCM
008 251222b2024 pe ||||| |||| 00| 0 spa d
040 _aMUNICIPALIDAD PROVINCIAL DEL CUSCO
_cBIBLIOTECA MUNICIPAL DEL CUSCO
041 _hspa
082 _a869.03 /
_bC78
100 _a Corazao Chávez, Miguel.
_951897
245 _aPurec :
_bCaminando más allá del universo del Valle Sagrado de los Incas /
260 _bLezama
_c2024
300 _a226 páginas. :
_c15 x 22 cm.
505 _a Purec y Llachi -- Donato Sullca Puma -- El condenado -- Los misioneros -- El comerciante -- Los seres humanos y Mauro -- Pantaco -- Pahuachicuy -- Huaccay Ñahui -- Laguna encantada Arorayoc -- Auquina y Purec -- Yachachec -- Siembra de papa -- Juzgamiento -- Constructores -- Yachachec yaco -- Madre Illapa -- Canción a la naturaleza -- Aclla Vivi -- Serpiente venenosa -- Pepín -- Ccorisoncco -- Aristar -- Leyenda del origen del agua de Yanahuara -- Suerte del ccoe o cuy -- Tuyapata y Meche -- Puma -- Féretro vs Odre -- Ñaccacho -- Socca machu enamoradizo -- Huasi huacca -- Purec -- Cusco capital del Imperio Inca -- Lima -- Jesús y Manco Ccapac -- Anteproyencto de Leyes -- Asesor de Nina Fhuyo -- Incacha -- Asamblea de la naturaleza -- Espíritu -- Recorriendo su vida pasada....
650 _aPurec sumergido en pensamientos
_951898
650 _aRecorrido del campo
_951899
650 _aLaguna encantada
_951900
650 _aNarración de la historia del Socca
_951901
650 _aVisita de las inmediaciones
_951902
650 _aMescla de alegría y placer
_951903
650 _aNormas morales
_951904
650 _aSemillas seleccionadas
_951905
650 _aconstrucción de viviendas
_951906
650 _aPresencia de Purec y Auquina
_951907
650 _aEfectos de falta de agua
_951908
650 _aTraslado a la ciudad inca
_951909
650 _aViaje a Lima
_951910
650 _aSoluciones pragmáticas y realistas
_951911
942 _2ddc
_cLIBROS
945 _ajmcs
_d22/12/2025